• 首页
  • 本馆介绍
  • 公告通知
  • 最新文献
  • 馆藏检索
  • 电子资源
  • 读者导购
  • 参考咨询
  • 我的图书馆
  • 登录
  • 详细信息显示
  • 放入我的书架
  • 预约/预借图书
  • 作者相关作品
  • 分类相关作品
  • 丛书相关作品
  • 出版社相关作品

书目信息

  • 表格格式
  • 工作单格式
  • 卡片格式
题名:
美国国家安全局
    
 
作者: 德莱斯 著 ;陈海钊 译
分册:  
出版信息: 北京   中信出版集团  2019
页数: XVII, 439页
开本: 21cm
丛书名: 中信改革发展研究基金会·文化交锋丛书
单 册:
中图分类: D771.236
科图分类:
主题词: 国家安全机关--guo jia an quan ji guan--介绍--美国
电子资源:
ISBN: 978-7-5086-9830-4
000 01259nam 2200289 450
001 1946655097
005 20190512111641.6
010    @a978-7-5086-9830-4@dCNY 68.00
099    @aCAL 012019061390
100    @a20190512d2019 em y0chiy50 ea
101 1  @achi@ceng
102    @aCN@b110000
105    @ay z 000yy
200 1  @a美国国家安全局@Amei guo guo jia an quan ju@f(法) 克劳德·德莱斯著@d= NSA: National security agency@fClaude Delesse@g陈海钊译@zeng
210    @a北京@c中信出版集团@d2019
215    @aXVII, 439页@d21cm
225 2  @a中信改革发展研究基金会·文化交锋丛书@Azhong xin gai ge fa zhan yan jiu ji jin hui · wen hua jiao feng cong shu@v01
306    @a限中国大陆发行
330    @a本书追溯了美国国家安全局自成立以来的历史,并介绍了其运行方式与职能。尽管其丑闻迭出,手段滥用,行为偏执,但它仍然是美国政府的武器,技术武装最先进的情报界中枢,帮助美国度过了许多重大危机。
410  0 @12001 @a中信改革发展研究基金会·文化交锋丛书 @v 01
500 10 @aNSA: National security agency@mChinese
606 0  @a国家安全机关@Aguo jia an quan ji guan@x介绍@y美国
690    @aD771.236@v5
701  1 @a德莱斯@Ade lai si@g(Delesse, Claude)@4著
702  0 @a陈海钊@Achen hai zhao@4译
801  0 @aCN@bHST@c20190512
905    @aBZT@dD771.236@e2
    
    美国国家安全局/(法) 克劳德·德莱斯著= NSA: National security agency/Claude Delesse/陈海钊译.-北京:中信出版集团,2019
    XVII, 439页;21cm.-(中信改革发展研究基金会·文化交锋丛书;01)
    
    
    ISBN 978-7-5086-9830-4:CNY 68.00
    本书追溯了美国国家安全局自成立以来的历史,并介绍了其运行方式与职能。尽管其丑闻迭出,手段滥用,行为偏执,但它仍然是美国政府的武器,技术武装最先进的情报界中枢,帮助美国度过了许多重大危机。
●
相关链接 在五车中查询图书 在当当中查询图书 在豆瓣中查询图书


正题名:美国国家安全局     索取号:D771.236/2         预约/预借

序号 登录号 条形码 馆藏地/架位号 状态 备注
1 868255   2000868255   第二书库/ [索取号:D771.236/2] 在馆    
2 868256   2000868256   第二书库/ [索取号:D771.236/2] 在馆    
3 868257   2000868257   第二书库/ [索取号:D771.236/2] 在馆    
山东省滨州职业学院图书馆 欢迎您!
大连网信软件有限公司© 版权所有